书目信息 |
| 题名: |
上帝之城
|
|
| 作者: | 奥古斯丁 著 ;吴飞 译 | |
| 分册: | 下 | |
| 出版信息: | 上海 上海三联书店 2009.01 |
|
| 页数: | 12, 352页 | |
| 开本: | 23cm | |
| 丛书名: | 思想与社会 | |
| 单 册: | ||
| 中图分类: | B972 , B979.198.5 | |
| 科图分类: | ||
| 主题词: | 基督教--研究--古罗马 , 神学--研究 | |
| 电子资源: | ||
| ISBN: | 978-7-5426-2943-2 | |
| 000 | 01321nam 2200289 450 | |
| 001 | 252591 | |
| 005 | 20100802115308.65 | |
| 010 | @a978-7-5426-2943-2@dCNY39.00 | |
| 100 | @a20100515d2009 em y0chiy0110 ea | |
| 101 | 0 | @achi@cita |
| 102 | @aCN@b310000 | |
| 105 | @ay z 000yy | |
| 200 | 1 | @a上帝之城@Ashang di zhi cheng@e驳异教徒@h下@f(古罗马) 奥古斯丁著@F(gu luo ma)ao gu si ding zhu@g吴飞译 |
| 210 | @a上海@c上海三联书店@d2009.01 | |
| 215 | @a12, 352页@d23cm | |
| 225 | 2 | @a思想与社会 |
| 330 | @a奥古斯丁生活在罗马帝国走向衰落的年代,是当时最伟大的神学家。他的著作在整个中世纪对基督教学说和观点产生了深刻的影响,事实上他的影响至今仍然存在。本书是他最著名、最有影响的两部著作之一,供广大爱好者阅读参考。 这部书的基本特点,一是奥古斯丁在其中全面展示了自己的整体神学思想,一是他在此集中处理了罗马的宗教、历史和政治问题。这些特点使《上帝之城》仍然成为奥古斯丁非常重要的一部书,虽然读这部书不会像读《忏悔录》和《论三位一体》那么充满乐趣,而且只有在掌握了他的总体框架后才能看出此书的价值。 | |
| 410 | 0 | @12001 @a思想与社会 |
| 517 | 1 | @a驳异教徒@Abo yi jiao tu |
| 606 | 0 | @a基督教@x研究@y古罗马 |
| 606 | 0 | @a神学@x研究 |
| 690 | @aB972@v4 | |
| 690 | @aB979.198.5@v4 | |
| 701 | 1 | @c(古罗马)@a奥古斯丁@Aao gu si ding@4著 |
| 702 | 0 | @a吴飞@Awu fei@4译 |
| 801 | 0 | @aCN@c20100515 |
| 905 | @dB972@eA760-2:3@f3 | |
| 上帝之城:驳异教徒.下/(古罗马) 奥古斯丁著/吴飞译.-上海:上海三联书店,2009.01 |
| 12, 352页;23cm.-(思想与社会) |
| ISBN 978-7-5426-2943-2:CNY39.00 |
| 奥古斯丁生活在罗马帝国走向衰落的年代,是当时最伟大的神学家。他的著作在整个中世纪对基督教学说和观点产生了深刻的影响,事实上他的影响至今仍然存在。本书是他最著名、最有影响的两部著作之一,供广大爱好者阅读参考。 这部书的基本特点,一是奥古斯丁在其中全面展示了自己的整体神学思想,一是他在此集中处理了罗马的宗教、历史和政治问题。这些特点使《上帝之城》仍然成为奥古斯丁非常重要的一部书,虽然读这部书不会像读《忏悔录》和《论三位一体》那么充满乐趣,而且只有在掌握了他的总体框架后才能看出此书的价值。 |
| ● |
| 相关链接 |
|
|
|
正题名:上帝之城
索取号:B972/A760-2:3
 
预约/预借
| 序号 | 登录号 | 条形码 | 馆藏地/架位号 | 状态 | 备注 |